[Event "4th Cairns Cup 2024"]
[Site "Saint Louis USA"]
[Date "2024.06.13"]
[Round "1.2"]
[White "Kosteniuk, Alexandra"]
[Black "Paehtz, Elisabeth"]
[Result "1-0"]
[WhiteTitle "GM"]
[BlackTitle "GM"]
[WhiteElo "2501"]
[BlackElo "2457"]
[WhiteFideId "4128125"]
[BlackFideId "4641833"]
[EventDate "2024.06.13"]

1. e4 c5 2. Nf3 Nc6 3. Bb5 e6 4. Bxc6 bxc6 5. d3 Qc7 6. e5 f6 7. Bf4 Ne7 8. O-O
fxe5 9. Bxe5 d6 10. Bg3 Nf5 11. Nh4 g6 12. Nd2 Nxh4 13. Bxh4 Bg7 14. Qf3 e5 15.
Ne4 Bf5 16. Nf6+ Bxf6 17. Bxf6 O-O 18. Bg5 Rae8 19. Rfe1 Qb6 20. b3 Be6 21. Qe3
Qb4 22. Qe4 Qb6 23. Qh4 Rf5 24. Re2 Ref8 25. h3 R8f7 26. Rae1 Bd7 27. c3 Qa5 28.
Rc1 Qa3 29. Be3 Qa6 30. Rd2 Qa3 31. Rcc2 Qa5 32. d4 Rh5 33. Qg3 cxd4 34. cxd4 e4
35. Qxd6 Rd5 36. Qg3 Qd8 37. Bf4 Qf6 38. Be5 Qf5 39. b4 h6 40. Rc5 Kh7 41. b5
Rxc5 42. dxc5 cxb5 43. Rd6 e3 44. Qxe3 Re7 45. f4 g5 46. Qd4 Bc8 47. Rf6 Qb1+
48. Kh2 Rd7 49. Bd6 Bb7 50. fxg5 hxg5 51. Qg4 1-0

[Event "4th Cairns Cup 2024"]
[Site "Saint Louis USA"]
[Date "2024.06.13"]
[Round "1.5"]
[White "Muzychuk, Mariya"]
[Black "Zatonskih, Anna"]
[Result "1-0"]
[WhiteTitle "GM"]
[BlackTitle "IM"]
[WhiteElo "2510"]
[BlackElo "2327"]
[WhiteFideId "14114550"]
[BlackFideId "14101572"]
[EventDate "2024.06.13"]

1. e4 e6 2. d4 d5 3. Nc3 Nf6 4. e5 Nfd7 5. f4 c5 6. Nf3 Nc6 7. Be3 a6 8. a3 b6
9. g3 Be7 10. Bg2 O-O 11. O-O Kh8 12. Ne2 Bb7 13. c3 f5 14. exf6 Nxf6 15. Bh3
Qd6 16. Ng5 Nd8 17. Nc1 c4 18. Ne2 Bc6 19. g4 Nf7 20. Nxf7+ Rxf7 21. Ng3 Re8 22.
Qc2 Bd8 23. Rae1 Bd7 24. Bc1 Ref8 25. Re2 Ng8 26. g5 Ne7 27. Rfe1 Ng6 28. Nh5
Nh4 29. Bg4 b5 30. Re5 Ng6 31. Rxe6 Bxe6 32. Rxe6 Qd7 33. h3 Qc7 34. Rxg6 hxg6
35. Qxg6 Qe7 36. Be6 Qe8 37. f5 Re7 38. Nf4 Rxe6 39. Qxe6 Qxe6 40. Nxe6 Re8 41.
g6 a5 42. Bf4 Bf6 43. Bd6 Kg8 44. Kf2 Bh4+ 45. Kf3 Be1 46. Ke2 Bh4 47. Be5 Re7
48. Kd2 Rb7 49. Kc2 Bf6 50. Bxf6 gxf6 51. h4 b4 52. h5 bxa3 53. bxa3 Rd7 54. h6
a4 55. Kd2 Rb7 56. Kc2 Rd7 57. Nf4 Rd6 58. Kd2 Kh8 59. Ke3 Kg8 60. Kf3 Kh8 61.
Kg4 Kg8 62. Kh5 Rd7 63. Ne6 Ra7 64. Nd8 Re7 65. h7+ Kg7 66. Nf7 Re8 67. h8=Q+
Rxh8+ 68. Nxh8 Kxh8 69. Kh6 Kg8 70. g7 1-0

[Event "4th Cairns Cup 2024"]
[Site "Saint Louis USA"]
[Date "2024.06.14"]
[Round "2.2"]
[White "Muzychuk, Anna"]
[Black "Muzychuk, Mariya"]
[Result "1/2-1/2"]
[WhiteTitle "GM"]
[BlackTitle "GM"]
[WhiteElo "2505"]
[BlackElo "2510"]
[WhiteFideId "14111330"]
[BlackFideId "14114550"]
[EventDate "2024.06.13"]

1. e4 c6 2. d4 d5 3. e5 c5 4. dxc5 e6 5. a3 Bxc5 6. Qg4 Ne7 7. Nf3 O-O 8. b4 Bb6
9. Bd3 Ng6 10. Bb2 f5 11. exf6 e5 12. Qh5 e4 13. Ng5 Bxf2+ 14. Kd1 Rxf6 15.
Qxh7+ Kf8 16. Qh5 Kg8 17. Qh7+ Kf8 18. Qh5 Kg8 19. Qh7+ Kf8 1/2-1/2

[Event "4th Cairns Cup 2024"]
[Site "Saint Louis USA"]
[Date "2024.06.14"]
[Round "2.3"]
[White "Dzagnidze, Nana"]
[Black "Zatonskih, Anna"]
[Result "1-0"]
[WhiteTitle "GM"]
[BlackTitle "IM"]
[WhiteElo "2506"]
[BlackElo "2327"]
[WhiteFideId "13601903"]
[BlackFideId "14101572"]
[EventDate "2024.06.13"]

1. c4 e6 2. Nf3 d5 3. e3 Nf6 4. b3 Be7 5. Bb2 O-O 6. d4 c5 7. Nbd2 cxd4 8. Nxd4
Nc6 9. Nxc6 bxc6 10. Be2 Bd6 11. O-O e5 12. Qc2 Qe7 13. Rfd1 a5 14. Nf1 a4 15.
bxa4 Bd7 16. cxd5 cxd5 17. Bb5 Rfb8 18. Ng3 Bxb5 19. axb5 Rxb5 20. Nf5 Qc7 21.
Rdc1 Qb8 22. Rab1 Bf8 23. Bxe5 Qb6 24. Rxb5 Qxb5 25. Nh6+ gxh6 26. Bxf6 Bg7 27.
Bxg7 Kxg7 28. h3 d4 29. exd4 Qd5 30. Qc5 Qxa2 31. Qe5+ Kg8 32. d5 Rd8 33. Rc3
Qxd5 34. Rg3+ Kf8 35. Qh8+ Ke7 36. Re3+ Kd7 37. Qxh7 Qd1+ 38. Kh2 Qd6+ 39. g3
Qg6 40. Qxg6 fxg6 41. Rd3+ Ke7 42. Rxd8 Kxd8 43. Kg2 Ke7 44. Kf3 Kf6 45. Kf4 Ke6
46. Ke4 Kd6 47. h4 Ke6 48. g4 Kd6 49. f4 Ke6 50. Kd4 Kf6 51. Kd5 Kf7 52. Ke5 Ke7
53. g5 h5 54. f5 Kf7 55. fxg6+ Kg7 56. Kd6 Kf8 57. g7+ Kf7 58. Kd7 Kg8 59. Kd8
Kf7 60. g8=Q+ Kxg8 61. Ke8 Kg7 62. Ke7 Kg6 63. Kf8 Kh7 64. Kf7 Kh8 65. Kg6 1-0

[Event "4th Cairns Cup 2024"]
[Site "Saint Louis USA"]
[Date "2024.06.14"]
[Round "2.5"]
[White "Dronavalli, Harika"]
[Black "Kosteniuk, Alexandra"]
[Result "1-0"]
[WhiteTitle "GM"]
[BlackTitle "GM"]
[WhiteElo "2489"]
[BlackElo "2501"]
[WhiteFideId "5015197"]
[BlackFideId "4128125"]
[EventDate "2024.06.13"]

1. Nf3 d5 2. e3 Nf6 3. c4 c5 4. cxd5 Nxd5 5. Nc3 Nc6 6. Bb5 Nb4 7. a3 Nd3+ 8.
Ke2 Nxc1+ 9. Rxc1 Bd7 10. d4 cxd4 11. Bxc6 Bxc6 12. Nxd4 Qb6 13. Nxc6 bxc6 14.
Qa4 Rd8 15. b4 e6 16. Ne4 Rc8 17. Nd2 a6 18. Nc4 Qb5 19. Qxb5 axb5 20. Ne5 Bd6
21. Nxc6 Kd7 22. Nd4 Rxc1 23. Rxc1 Rb8 24. f4 g6 25. Kd3 Rb6 26. Nf3 f6 27. g4
Ra6 28. Rc3 h6 29. h4 h5 30. g5 fxg5 31. fxg5 Bg3 32. Ke4 Kd6 33. Rd3+ Ke7 34.
Ne5 Bxe5 35. Kxe5 Rc6 36. e4 Ra6 37. Rf3 Ra8 38. Rc3 Ra7 39. Rc5 Rxa3 40. Rxb5
Rh3 41. Rb7+ Kd8 42. Kxe6 Rxh4 43. e5 Kc8 44. Rh7 Rxb4 45. Kf6 Rf4+ 46. Kxg6 h4
47. e6 Kd8 48. Rf7 Re4 49. Kf5 Re1 50. g6 Rf1+ 51. Kg5 Rg1+ 52. Kf6 h3 53. Rf8+
Kc7 54. e7 h2 55. Rh8 Rf1+ 56. Kg7 Re1 57. Rxh2 Rxe7+ 58. Kf6 1-0

[Event "4th Cairns Cup 2024"]
[Site "Saint Louis USA"]
[Date "2024.06.15"]
[Round "3.1"]
[White "Zatonskih, Anna"]
[Black "Muzychuk, Anna"]
[Result "1/2-1/2"]
[WhiteTitle "IM"]
[BlackTitle "GM"]
[WhiteElo "2327"]
[BlackElo "2505"]
[WhiteFideId "14101572"]
[BlackFideId "14111330"]
[EventDate "2024.06.13"]

1. d4 Nf6 2. Nc3 d5 3. Bf4 c5 4. e3 cxd4 5. exd4 Bg4 6. f3 Bd7 7. Nb5 Bxb5 8.
Bxb5+ Nc6 9. c3 e6 10. Ne2 Bd6 11. O-O O-O 12. Kh1 a6 13. Bd3 Bxf4 14. Nxf4 Qd6
15. Qd2 Rfe8 16. Rfe1 g6 17. Bf1 Re7 18. Nd3 Nd7 19. Rad1 b6 20. Ne5 b5 21. Qf4
Ncxe5 22. dxe5 Qb8 23. Rd4 Nb6 24. Qg5 Qf8 25. Bd3 Rc7 26. h4 Qe7 27. Qg3 Na4
28. Re2 Nc5 29. Bc2 Nd7 30. Bd3 Nc5 31. Bc2 Nd7 32. Bd3 Nc5 1/2-1/2

[Event "4th Cairns Cup 2024"]
[Site "Saint Louis USA"]
[Date "2024.06.15"]
[Round "3.2"]
[White "Lee, Alice"]
[Black "Dronavalli, Harika"]
[Result "1/2-1/2"]
[WhiteTitle "IM"]
[BlackTitle "GM"]
[WhiteElo "2368"]
[BlackElo "2489"]
[WhiteFideId "30941822"]
[BlackFideId "5015197"]
[EventDate "2024.06.13"]

1. d4 d5 2. c4 c6 3. Nf3 Nf6 4. e3 Bg4 5. h3 Bh5 6. Nc3 e6 7. g4 Bg6 8. Ne5 Nbd7
9. h4 dxc4 10. Nxg6 hxg6 11. g5 Nd5 12. Bxc4 N7b6 13. Bf1 Bb4 14. Bd2 e5 15. Qg4
Qe7 16. a3 exd4 17. Qxd4 Bxc3 18. Bxc3 Nxc3 19. Qxg7 O-O-O 20. Qxc3 Qe4 21. Rh3
Rhe8 22. Be2 Qg2 23. Bf1 Qe4 24. Be2 Qg2 25. Bf1 Qe4 26. Be2 1/2-1/2

[Event "4th Cairns Cup 2024"]
[Site "Saint Louis USA"]
[Date "2024.06.15"]
[Round "3.3"]
[White "Muzychuk, Mariya"]
[Black "Tan, Zhongyi"]
[Result "1/2-1/2"]
[WhiteTitle "GM"]
[BlackTitle "GM"]
[WhiteElo "2510"]
[BlackElo "2540"]
[WhiteFideId "14114550"]
[BlackFideId "8603642"]
[EventDate "2024.06.13"]

1. e4 e6 2. d4 d5 3. Nc3 Bb4 4. Ne2 dxe4 5. a3 Bxc3+ 6. Nxc3 Nc6 7. d5 exd5 8.
Qxd5 Be6 9. Qxe4 Nf6 10. Qa4 O-O 11. Bd3 Ne5 12. Be2 Bd7 13. Qd4 Re8 14. Bf4 Nc6
15. Qd2 Bg4 16. f3 Qxd2+ 17. Kxd2 Rad8+ 18. Bd3 Bf5 19. Bxc7 Rd7 20. Bg3 Red8
21. Rad1 Bxd3 22. cxd3 Nh5 23. Kc2 Nxg3 24. hxg3 Nd4+ 25. Kb1 Ne6 26. Kc2 Nd4+
27. Kb1 Ne6 28. Kc2 Nd4+ 1/2-1/2

[Event "4th Cairns Cup 2024"]
[Site "Saint Louis USA"]
[Date "2024.06.15"]
[Round "3.4"]
[White "Kosteniuk, Alexandra"]
[Black "Dzagnidze, Nana"]
[Result "1-0"]
[WhiteTitle "GM"]
[BlackTitle "GM"]
[WhiteElo "2501"]
[BlackElo "2506"]
[WhiteFideId "4128125"]
[BlackFideId "13601903"]
[EventDate "2024.06.13"]

1. e4 c5 2. Nf3 e6 3. d4 cxd4 4. Nxd4 Nc6 5. Nc3 Qc7 6. Qd3 Nxd4 7. Qxd4 a6 8.
Be3 b5 9. a4 b4 10. Na2 Nf6 11. Nxb4 Bb7 12. f3 a5 13. Nd3 Qxc2 14. Rc1 Qb3 15.
Rc3 Bb4 16. Nxb4 Qxb4 17. Bb5 Qxd4 18. Bxd4 O-O 19. Kd2 d6 20. Rc7 Rfb8 21. Rhc1
e5 22. Bc3 h6 23. Ke3 d5 24. Bxe5 dxe4 25. Bxf6 gxf6 26. fxe4 Bc8 27. Rf1 Ba6
28. Rf5 Rb6 29. Rc6 Rxc6 30. Bxc6 Rb8 31. Bb5 Rb6 32. Rc5 Re6 33. Bc6 Bf1 34. g3
Kg7 35. Bd5 Rb6 36. b3 1-0

[Event "4th Cairns Cup 2024"]
[Site "Saint Louis USA"]
[Date "2024.06.16"]
[Round "4.1"]
[White "Paehtz, Elisabeth"]
[Black "Muzychuk, Mariya"]
[Result "1/2-1/2"]
[WhiteTitle "GM"]
[BlackTitle "GM"]
[WhiteElo "2457"]
[BlackElo "2510"]
[WhiteFideId "4641833"]
[BlackFideId "14114550"]
[EventDate "2024.06.13"]

1. Nf3 d5 2. g3 g6 3. c4 c6 4. Qa4 d4 5. Bg2 Bg7 6. O-O e5 7. d3 Ne7 8. e3 dxe3
9. fxe3 O-O 10. Nc3 Na6 11. Qa3 c5 12. Qb3 Nb4 13. Ne1 Rb8 14. Qd1 Be6 15. a3
Nbc6 16. e4 Nd4 17. Nd5 Nxd5 18. cxd5 Bd7 19. Be3 b5 20. Nc2 Nb3 21. Rb1 Rc8 22.
Na1 Nd4 23. Nc2 Qb6 24. Qd2 a5 25. b3 Rc7 26. Bf2 h5 27. Rfc1 Kh7 28. Nxd4 exd4
29. Rf1 Be5 30. Be1 Ra7 31. Qc2 Qd6 32. Rc1 b4 33. a4 Rc7 34. Bd2 h4 35. Bf4
hxg3 36. hxg3 f6 37. Bh3 Bxh3 38. Qh2 Kg7 39. Qxh3 Rh8 40. Qg4 Rh5 41. Rc2 Rf7
42. Rcf2 Rf8 43. Bxe5 Rxe5 44. Rf5 Rxf5 45. Rxf5 Re8 46. Rf4 Re7 47. Kf2 Rc7 48.
Rf3 Rf7 49. Qf4 Qe7 50. g4 Qe5 51. Qxe5 fxe5 52. Rxf7+ Kxf7 53. g5 Ke7 54. Ke2
Kd6 55. Kd2 Ke7 56. Ke2 Kd6 57. Kd2 Ke7 58. Ke2 Kd6 1/2-1/2

[Event "4th Cairns Cup 2024"]
[Site "Saint Louis USA"]
[Date "2024.06.16"]
[Round "4.2"]
[White "Tan, Zhongyi"]
[Black "Zatonskih, Anna"]
[Result "1-0"]
[WhiteTitle "GM"]
[BlackTitle "IM"]
[WhiteElo "2540"]
[BlackElo "2327"]
[WhiteFideId "8603642"]
[BlackFideId "14101572"]
[EventDate "2024.06.13"]

1. e4 e6 2. d4 d5 3. Nc3 Nf6 4. Bg5 dxe4 5. Nxe4 Be7 6. Bxf6 Bxf6 7. Nf3 O-O 8.
Nxf6+ Qxf6 9. Bd3 c5 10. dxc5 Qxb2 11. O-O Nd7 12. Rb1 Qxa2 13. Rb4 Qd5 14. Re1
h6 15. Qd2 Nxc5 16. Re5 Qc6 17. Rg4 Nxd3 18. Qxh6 g6 19. Rxg6+ fxg6 20. Qxg6+ 1-0

[Event "4th Cairns Cup 2024"]
[Site "Saint Louis USA"]
[Date "2024.06.16"]
[Round "4.3"]
[White "Dzagnidze, Nana"]
[Black "Muzychuk, Anna"]
[Result "1/2-1/2"]
[WhiteTitle "GM"]
[BlackTitle "GM"]
[WhiteElo "2506"]
[BlackElo "2505"]
[WhiteFideId "13601903"]
[BlackFideId "14111330"]
[EventDate "2024.06.13"]

1. d4 d5 2. c4 e6 3. Nc3 c6 4. cxd5 exd5 5. Bf4 Nf6 6. e3 Bf5 7. Bd3 Bxd3 8.
Qxd3 Nbd7 9. h3 Be7 10. Nf3 O-O 11. O-O a5 12. Rac1 Re8 13. Rfd1 Nb6 14. Qc2 Bd6
15. Bxd6 Qxd6 16. Ne5 Nfd7 17. Nd3 a4 18. Re1 h6 19. Rcd1 Qg6 20. Re2 Ra5 21.
Rde1 Rea8 22. e4 dxe4 23. Nxe4 Nd5 24. Nec5 Nxc5 25. dxc5 Rf8 26. Qc4 Qg5 27. a3
Raa8 28. Re4 Rfd8 29. Nb4 Qd2 30. R1e2 Qd1+ 31. Kh2 Qb1 32. Nd3 Qd1 33. Nb4 Qb1
34. Re5 Nxb4 35. axb4 Rd7 36. Re7 Rxe7 37. Rxe7 Qf5 38. Qd4 a3 39. bxa3 Rxa3 40.
Rxb7 Rd3 41. Qg4 Qe5+ 42. f4 Qd5 43. Re7 Rd2 44. Re2 Rxe2 45. Qxe2 Qd4 46. Qe8+
Kh7 47. Qxf7 Qxb4 48. Qf5+ Kh8 49. Qe5 Kh7 50. h4 Qc4 51. h5 Qf7 52. Qe4+ Kh8
53. Qe5 Qd7 54. Kg3 Qd3+ 55. Kg4 Qd1+ 56. Kh3 Qd3+ 57. Kh2 Qd7 58. Qe4 Qg4 59.
Qe8+ Kh7 60. Qe5 Kh8 61. Kg1 Qd1+ 62. Kf2 Qd2+ 63. Kg3 Qd3+ 64. Kh4 Qd8+ 65. Kh3
Qd3+ 66. g3 Qf1+ 67. Kh4 Qh1+ 68. Kg4 Qd1+ 69. Kf5 Qxh5+ 70. Ke6 Qg6+ 71. Kd7
Qxg3 72. Kxc6 Qf3+ 73. Kb6 Qb3+ 74. Kc7 Qf7+ 75. Kd8 Qb7 76. Qd6 Qa8+ 77. Ke7
Qb7+ 78. Qd7 Qe4+ 79. Kd8 Qxf4 80. c6 Qb8+ 81. Ke7 Qe5+ 82. Qe6 Qc7+ 83. Ke8 h5
84. Qd5 h4 85. Qh5+ Kg8 86. Qd5+ Kh8 87. Kf8 Qf4+ 88. Ke7 Qc7+ 89. Kf8 Qf4+ 90.
Ke7 Qc7+ 91. Ke6 h3 92. Qd7 Qb6 93. Qe8+ Kh7 94. Qh5+ Kg8 95. Qd5 Qc7 96. Qd7
Qb6 97. Qe8+ Kh7 98. Qh5+ Kg8 99. Qe8+ Kh7 1/2-1/2

[Event "4th Cairns Cup 2024"]
[Site "Saint Louis USA"]
[Date "2024.06.16"]
[Round "4.5"]
[White "Kosteniuk, Alexandra"]
[Black "Lee, Alice"]
[Result "0-1"]
[WhiteTitle "GM"]
[BlackTitle "IM"]
[WhiteElo "2501"]
[BlackElo "2368"]
[WhiteFideId "4128125"]
[BlackFideId "30941822"]
[EventDate "2024.06.13"]

1. e4 e5 2. Nf3 Nf6 3. Nxe5 d6 4. Nf3 Nxe4 5. Nc3 Nxc3 6. dxc3 Be7 7. Bf4 O-O 8.
Qd2 Nd7 9. O-O-O Nc5 10. h4 Re8 11. Ng5 h6 12. Bc4 Be6 13. Nxe6 Nxe6 14. Bxe6
fxe6 15. Kb1 Rf8 16. Qe3 Qc8 17. Qe4 Rf7 18. c4 Rb8 19. Be3 b5 20. cxb5 Rxb5 21.
c4 Rb4 22. Qc2 c5 23. g4 Qa6 24. b3 d5 25. cxd5 c4 26. g5 exd5 27. Rh3 Qe6 28.
Rg3 Bd6 29. f4 Rc7 30. gxh6 cxb3 31. Qg6 bxa2+ 32. Ka1 Be5+ 33. Kxa2 Rb2+ 34.
Ka1 Rd2+ 35. fxe5 Qxe5+ 0-1

[Event "4th Cairns Cup 2024"]
[Site "Saint Louis USA"]
[Date "2024.06.17"]
[Round "5.1"]
[White "Lee, Alice"]
[Black "Dzagnidze, Nana"]
[Result "1/2-1/2"]
[WhiteTitle "IM"]
[BlackTitle "GM"]
[WhiteElo "2368"]
[BlackElo "2506"]
[WhiteFideId "30941822"]
[BlackFideId "13601903"]
[EventDate "2024.06.13"]

1. d4 Nf6 2. c4 e6 3. Nf3 d5 4. g3 dxc4 5. Bg2 c6 6. Ne5 Bb4+ 7. Bd2 Be7 8. e3
O-O 9. Nxc4 b6 10. O-O Bb7 11. Qb3 Qc8 12. e4 c5 13. dxc5 Nxe4 14. cxb6 Nc5 15.
Qe3 Bxg2 16. Kxg2 axb6 17. Qf3 Nbd7 18. Bf4 b5 19. Ne5 Bf6 20. Nxd7 Qxd7 21. Nc3
Nd3 22. Rad1 Nxf4+ 23. gxf4 Qe7 24. Nxb5 Rxa2 25. b3 g6 26. Nd6 Rb8 27. Rd3 Bh4
28. Nc4 h5 29. Ne5 Rb7 30. Nc6 Qc5 31. Rc3 Qb6 32. Ne5 Kg7 33. Nc4 Qb4 34. Rd3
Rc7 35. Qe4 Qe7 36. Qe5+ Bf6 37. Qd6 Rb7 38. Qc6 Rc2 39. Rfd1 Rc7 40. Qd6 Qxd6
41. Nxd6 Kf8 42. R1d2 Rc1 43. Nc4 Rb7 44. Ra2 Be7 45. Re2 Rb1 46. Rb2 Re1 47.
Ra2 Rb1 48. Rb2 Ra1 49. Rc2 Kg7 50. Rcd2 Kf6 51. Rd7 Raa7 52. Rxb7 Rxb7 53. Rd3
Bc5 54. Kf3 g5 55. fxg5+ Kxg5 56. Kg3 f6 57. Nd2 Rb4 58. Nc4 e5 59. f4+ exf4+
60. Kf3 Bg1 61. Kg2 Ba7 62. Kf3 Bb8 63. Nd2 Be5 64. Rd8 Rb7 65. Rg8+ Kf5 66. Rh8
Rd7 67. Ke2 Bc3 68. Nc4 Kg4 69. h3+ Kg3 70. Rg8+ Kxh3 71. Kf3 Be5 72. Ke2 h4 73.
Nd2 Bd4 74. Nf3 Re7+ 75. Kf1 Ba7 76. Rg6 Rb7 77. Rxf6 Rxb3 78. Rxf4 Kg3 79. Nd2
Kxf4 80. Nxb3 h3 81. Nd2 Bd4 82. Nc4 Kg3 83. Nd6 Kf3 84. Nf5 Bf2 85. Nh4+ Bxh4
86. Kg1 Kg3 87. Kh1 h2 1/2-1/2

[Event "4th Cairns Cup 2024"]
[Site "Saint Louis USA"]
[Date "2024.06.17"]
[Round "5.4"]
[White "Muzychuk, Mariya"]
[Black "Dronavalli, Harika"]
[Result "1/2-1/2"]
[WhiteTitle "GM"]
[BlackTitle "GM"]
[WhiteElo "2510"]
[BlackElo "2489"]
[WhiteFideId "14114550"]
[BlackFideId "5015197"]
[EventDate "2024.06.13"]

1. e4 e5 2. Nf3 Nc6 3. Bc4 Bc5 4. O-O Nf6 5. d3 d6 6. c3 a6 7. a4 h6 8. Re1 O-O
9. h3 Ba7 10. Nbd2 Ne7 11. Nf1 Ng6 12. Ng3 c6 13. Bb3 d5 14. exd5 Nxd5 15. d4
exd4 16. Nxd4 Be6 17. Bc2 Bd7 18. Be4 Nf6 19. Bf5 Bxd4 20. Qxd4 Bxf5 21. Nxf5
Qxd4 22. Nxd4 Rfd8 23. Nb3 Nd5 24. a5 Nf8 25. Nc5 Ne6 26. Nxe6 fxe6 27. Rxe6 Kf7
28. Re1 Rd7 29. Ra4 Rad8 30. Rd4 Nc7 31. Rf4+ Kg8 32. Rfe4 Nd5 33. Kf1 Nf6 34.
Rb4 Rf7 35. c4 Rd4 36. Be3 Rh4 37. b3 Nd5 38. Ra4 Nxe3+ 39. Rxe3 Rd4 40. Ke2
Rfd7 41. Ra2 Kf7 42. Rc2 Rd1 43. c5 Ra1 44. b4 Rd4 45. Rd2 Rxb4 46. Rd7+ Kf6 47.
Rd6+ Kf7 48. Rd7+ Kf6 49. Rd6+ Kf7 50. Rd7+ 1/2-1/2

[Event "4th Cairns Cup 2024"]
[Site "Saint Louis USA"]
[Date "2024.06.17"]
[Round "5.5"]
[White "Zatonskih, Anna"]
[Black "Paehtz, Elisabeth"]
[Result "1/2-1/2"]
[WhiteTitle "IM"]
[BlackTitle "GM"]
[WhiteElo "2327"]
[BlackElo "2457"]
[WhiteFideId "14101572"]
[BlackFideId "4641833"]
[EventDate "2024.06.13"]

1. d4 Nf6 2. Nf3 e6 3. c4 Bb4+ 4. Bd2 a5 5. e3 d6 6. Bd3 Nc6 7. O-O e5 8. Bxb4
axb4 9. Nbd2 O-O 10. Qc2 Qe7 11. d5 Nb8 12. Bf5 c6 13. dxc6 Nxc6 14. Bxc8 Rfxc8
15. b3 g6 16. Ne4 Ne8 17. Rfd1 f5 18. Ng3 Rd8 19. Qb2 Nc7 20. a3 e4 21. Nd4 Nxd4
22. Rxd4 Ne6 23. Rdd1 bxa3 24. Rxa3 Rxa3 25. Qxa3 Nc5 26. Ne2 Nd3 27. Qa5 Rc8
28. Qd5+ Kg7 29. Nf4 Nxf4 30. exf4 Rc6 31. h3 Kh6 32. Qd4 Qg7 33. Qe3 Qe7 34.
Qd4 Qg7 35. Qe3 Qe7 36. Qd4 1/2-1/2

[Event "4th Cairns Cup 2024"]
[Site "Saint Louis USA"]
[Date "2024.06.19"]
[Round "6.1"]
[White "Kosteniuk, Alexandra"]
[Black "Muzychuk, Mariya"]
[Result "1-0"]
[WhiteTitle "GM"]
[BlackTitle "GM"]
[WhiteElo "2501"]
[BlackElo "2510"]
[WhiteFideId "4128125"]
[BlackFideId "14114550"]
[EventDate "2024.06.13"]

1. e4 c6 2. Nc3 d5 3. Nf3 dxe4 4. Nxe4 Nf6 5. Qe2 Nxe4 6. Qxe4 Nd7 7. d4 Nf6 8.
Qd3 g6 9. Be2 Bg7 10. O-O O-O 11. Re1 a5 12. Bf1 Bf5 13. Qb3 Nd5 14. c3 a4 15.
Qa3 b5 16. Ne5 Qb6 17. Bd2 Rfd8 18. Rad1 f6 19. Nd3 e6 20. Nc5 e5 21. b4 axb3
22. Qxb3 Bf8 23. c4 bxc4 24. Bxc4 Qxb3 25. Bxb3 Kg7 26. Nb7 Rd7 27. Nc5 Bxc5 28.
dxc5 Rb7 29. g3 g5 30. f3 Be6 31. Be3 Kf7 32. Bf2 Ke7 33. Rd2 h5 34. Rc1 Rb4 35.
Be1 Rb5 36. Re2 Ra3 37. Re4 Kd7 38. Ra4 Rxa4 39. Bxa4 Rb2 40. Rc2 Rxc2 41. Bxc2
Ne3 42. Bg6 Bxa2 43. Bxh5 Ke6 44. Kf2 Nc2 45. Ba5 Nd4 46. h4 gxh4 47. gxh4 Bd5
48. Bd8 f5 49. Ke3 f4+ 50. Kf2 e4 51. Bg4+ Kf7 52. fxe4 Bxe4 53. Bc7 Nb3 54. Bd6
Kg6 55. Bd1 Bd5 56. h5+ Kg5 57. Be7+ Kh6 58. Bf8+ Kh7 59. Bc2+ Kg8 60. Bd6 Nd4
61. Bd3 Ne6 62. h6 Ng5 63. Bxf4 Nh3+ 64. Kg3 Nxf4 65. Kxf4 Bb3 66. Ke5 Kf7 67.
Be4 Ba4 68. Kd6 Bb5 1-0

[Event "4th Cairns Cup 2024"]
[Site "Saint Louis USA"]
[Date "2024.06.19"]
[Round "6.2"]
[White "Dronavalli, Harika"]
[Black "Zatonskih, Anna"]
[Result "1/2-1/2"]
[WhiteTitle "GM"]
[BlackTitle "IM"]
[WhiteElo "2489"]
[BlackElo "2327"]
[WhiteFideId "5015197"]
[BlackFideId "14101572"]
[EventDate "2024.06.13"]

1. e4 e6 2. d4 d5 3. Nc3 Nf6 4. Bg5 dxe4 5. Nxe4 Be7 6. Nxf6+ Bxf6 7. Bxf6 Qxf6
8. Nf3 O-O 9. Qd3 c5 10. O-O-O cxd4 11. Qxd4 Qxd4 12. Nxd4 b6 13. Nb5 a6 14. Nd6
Bd7 15. Bd3 Bc6 16. Be4 Ra7 17. Rhe1 Rc7 18. Nc4 b5 19. Ne5 Bxe4 20. Rxe4 Rfc8
21. c3 f6 22. Nd3 e5 23. f4 exf4 24. Nxf4 Kf7 25. Rd6 a5 26. a3 Rb7 27. Nd3 Nd7
28. Red4 Nc5 29. Nxc5 Rxc5 30. R4d5 Rxd5 31. Rxd5 a4 32. Kc2 Ke6 33. Rd4 f5 34.
Rb4 Kd6 35. c4 Rc7 36. Kc3 bxc4 37. Rxc4 Ra7 38. Rb4 Kc5 39. Kd3 Rd7+ 40. Kc3
Ra7 41. h4 g6 42. g3 Kd5 43. Kd3 Ra6 44. Rb5+ Kc6 45. Kc4 Ra7 46. Rb4 Ra5 47.
Kc3 h6 48. Rb8 Re5 49. Kd2 Re4 50. b4 Rg4 51. Rc8+ Kb6 52. Rc3 Kb5 53. Rc5+ Kb6
54. Rc3 Kb5 55. Rc5+ Kb6 56. Rc3 Kb5 1/2-1/2

[Event "4th Cairns Cup 2024"]
[Site "Saint Louis USA"]
[Date "2024.06.19"]
[Round "6.3"]
[White "Paehtz, Elisabeth"]
[Black "Muzychuk, Anna"]
[Result "1/2-1/2"]
[WhiteTitle "GM"]
[BlackTitle "GM"]
[WhiteElo "2457"]
[BlackElo "2505"]
[WhiteFideId "4641833"]
[BlackFideId "14111330"]
[EventDate "2024.06.13"]

1. Nf3 d5 2. g3 g6 3. Bg2 Bg7 4. c4 dxc4 5. Qa4+ Nc6 6. O-O e5 7. Nxe5 Bxe5 8.
Bxc6+ bxc6 9. Qxc6+ Bd7 10. Qe4 f6 11. f4 Bf5 12. Qc6+ Bd7 13. Qe4 Bf5 14. Qe3
Bh3 15. Rf3 Nh6 16. fxe5 Nf5 17. Qa3 Qd4+ 18. Rf2 fxe5 19. Qa4+ Ke7 20. d3 cxd3
21. Bg5+ Kf7 22. Qc6 dxe2 23. Qf6+ Kg8 24. Qe6+ Kg7 25. Qf6+ Kg8 26. Qe6+ Kg7
27. Qf6+ Kg8 1/2-1/2

[Event "4th Cairns Cup 2024"]
[Site "Saint Louis USA"]
[Date "2024.06.19"]
[Round "6.4"]
[White "Dzagnidze, Nana"]
[Black "Tan, Zhongyi"]
[Result "1/2-1/2"]
[WhiteTitle "GM"]
[BlackTitle "GM"]
[WhiteElo "2506"]
[BlackElo "2540"]
[WhiteFideId "13601903"]
[BlackFideId "8603642"]
[EventDate "2024.06.13"]

1. d4 d5 2. c4 e6 3. Nc3 Nf6 4. Bg5 Be7 5. e3 h6 6. Bh4 O-O 7. Nf3 b6 8. cxd5
Nxd5 9. Bxe7 Qxe7 10. Nxd5 exd5 11. Bd3 c5 12. dxc5 bxc5 13. O-O Be6 14. Rc1 Nd7
15. Qa4 Rfb8 16. Bb5 a5 17. Bxd7 Bxd7 18. Qa3 Rb4 19. Rfd1 Bg4 20. Rxd5 Bxf3 21.
gxf3 Qf6 22. Kg2 Rxb2 23. Rdxc5 Rd8 24. Rc8 Qg5+ 25. Kf1 Qb5+ 26. Kg2 Qg5+ 27.
Kf1 Qb5+ 28. Kg2 Qg5+ 29. Kf1 Qb5+ 30. Kg2 1/2-1/2

[Event "4th Cairns Cup 2024"]
[Site "Saint Louis USA"]
[Date "2024.06.20"]
[Round "7.1"]
[White "Tan, Zhongyi"]
[Black "Paehtz, Elisabeth"]
[Result "1-0"]
[WhiteTitle "GM"]
[BlackTitle "GM"]
[WhiteElo "2540"]
[BlackElo "2457"]
[WhiteFideId "8603642"]
[BlackFideId "4641833"]
[EventDate "2024.06.13"]

1. c4 c5 2. Nc3 Nc6 3. e3 Nf6 4. d4 d5 5. Nf3 e6 6. a3 a6 7. dxc5 Bxc5 8. b4 Be7
9. Bb2 O-O 10. Qc2 Qb6 11. Be2 dxc4 12. Bxc4 Ng4 13. Na4 Qc7 14. Bd3 f5 15. h3
Nf6 16. O-O Bd6 17. Rfd1 Bd7 18. Nc5 Rac8 19. Rac1 Kh8 20. Qb3 Rce8 21. Ng5 Bxc5
22. Rxc5 Bc8 23. Rdc1 Qe7 24. Nf3 Bd7 25. a4 Rc8 26. Ba3 Ne4 27. R5c2 Rfe8 28.
b5 Na5 29. Qa2 Rxc2 30. Rxc2 Qd8 31. Ne5 Kg8 32. Bxe4 1-0